Crouching tiger hidden langur: World bank support to biodiversity conservation in East Asia and the Pacific

Gorde:
Xehetasun bibliografikoak
Formatua: Liburua
Hizkuntza:Undetermined
Argitaratua: Washington The World Bank 2004
Gaiak:
Etiketak: Etiketa erantsi
Etiketarik gabe, Izan zaitez lehena erregistro honi etiketa jartzen!
Thư viện lưu trữ: Trung tâm Học liệu Trường Đại học Cần Thơ
LEADER 00528nam a2200169Ia 4500
001 CTU_91397
008 210402s9999 xx 000 0 und d
082 |a 333.72 
082 |b W927 
245 0 |a Crouching tiger hidden langur: World bank support to biodiversity conservation in East Asia and the Pacific 
245 4 |c The World Bank 
260 |a Washington 
260 |b The World Bank 
260 |c 2004 
650 |a Natural resource and energy 
904 |i Năm 
980 |a Trung tâm Học liệu Trường Đại học Cần Thơ